000 00692nam a22002177a 4500
003 UA-OsUOA
001 59875
007 ta
008 20090429b un ||||| |||| 00| 0 ukr d
090 _a016:2(477)
_bМ34
942 _cBK
040 _aUA-OsUOA
_bukr
_cUA-OsUOA
_dUA-OsUOA
245 _aМатеріали до бібліографії Києво-Печерської лаври
_bНауково-допоміжний бібліографічний покажчик
300 _a356 с.
955 _a2
041 _aukr
080 _a016:2(477)
260 _aК.
_c2006
650 7 _a01 Бібліографія і бібліографії. Каталоги
_2UDC
999 _c346149
_d346149